000 00403nam a2200157Ia 4500
008 140925s9999 xx 000 0 und d
020 _a2075-4663
245 _aSportsĀ /
_h[electronic resource]
260 _bMDPI.,
_cc2014.
516 _aElectronic text
650 _aJournal.
650 _aSports and Recreation.
830 _aMDPI
856 _uhttp://www.mdpi.com/journal/sports
942 _cEJ
999 _c275868
_d275868